000 00796nam a22002297a 4500
001 8714
003 FISKH
005 20251013144631.0
008 251013b cb ||||| |||| 00| 0 eng d
022 _29781107611382
040 _aFISKH
_beng
_cFISKH
_dFISKH
082 _a507
100 _aBoard, Jon
245 _aCambridge primary science learner's book 1 /
_cJon Board and Alan Cross
260 _aNew York :
_bCambridge,
_c2014.
300 _a68 pages :
_bcolor illustrations ;
_c28 cm
520 _aCambridge Primary Science is a flexible, engaging course written specifically for the Cambridge Primary Science curriculum framework.
650 _aCambridge Primary
_vScience education
_xScientific enquiry
700 _aCross, Alan
_eAuthor
942 _2ddc
_cBK
_n0
999 _c8714
_d8714